| 000 | 01036nam a22002655a 4500 | ||
|---|---|---|---|
| 003 | OSt | ||
| 005 | 20161030143336.0 | ||
| 008 | 161030s2012 ua frb 000 0 ara d | ||
| 015 | _a2011/1958 | ||
| 020 | _a9789777163637 | ||
| 040 |
_aEG-ScBUE _bara _cEG-ScBUE |
||
| 082 | 0 | 4 |
_a341.522 _bإ س م _222 |
| 100 | 1 | _aإسماعيل، هشام. | |
| 245 | 1 | 4 |
_aالحماية الدولية لأحكام التحكيم الأجنبية : _bدراسة مقارنة / _cهشام إسماعيل. |
| 250 | _aط. 1. | ||
| 260 |
_aالقاهرة : _bدار النهضة العربية، _c2012. |
||
| 300 |
_a1141 ص. ؛ _c24 سم. |
||
| 500 | _aالأصل أطروحة دكتوراه بعنوان "الحماية الدولية لأحكام التحكيم الأجنبية" | ||
| 504 | _aيشتمل على إرجاعات ببليوجرافية. | ||
| 650 | 0 |
_aالتحكيم الدولي. _2BUEsh _941124 |
|
| 650 | 0 |
_aالاتفاقيات الدولية _2BUEsh _916817 |
|
| 651 | _2BUEsh | ||
| 653 |
_bLLAAWW _cOctober2016 |
||
| 942 | _2ddc | ||
| 999 |
_c22924 _d22896 |
||